01095nam1a22002651i 4500001003100000005001700031035002600048100004100074101001800115102000700133105001800140200018300158205003300341210002400374215001200398300017300410320004500583686001700628686002800645702004800673702004500721801002200766801001800788852002300806RU\NLR\INFOCOMM_223\500005724420240726035637.0 a(NLR Aleph) 009312939 a20101116g19811982|||y0rusy50 ba1 aengcrusfrus aRU ay ||||000|y1 aFriction, wear, lubricationeTribology, handbookfEd. by I. V. Kragelsky, D. Sc. (Eng.), V. V. Alisin, Cand. Sc. (Eng.)gTransl. from the Russ. by Felix Palkin a. Valerian Palkin aRev. from the 1978 Russ. ed. aΜ.cMird1981-1982 d22 см aДоп. тит. л. на рус. яз.: Трение, изнашивание и смазка / Под ред. И. В. Крагельского и В. В. Алисина aБиблиогр. в конце глав aК4132rubbk aˆ[‰Тт-м-90]2rubbk 1aKragel'skijbI. V.gIgor' Viktorovič4340 1aAlisinbV. V.gValerij Vasil'evič4340 1aRUbNLRc20101116 0aRUbNLRgPSBO aNLRjТ37 Д-5/180